Ordenanza de trabajo para la industria siderometalúrgica / (Record no. 110268)

MARC details
000 -LEADER
campo de control de longitud fija 00843nam a2200205 4500
001 - NÚMERO DE CONTROL
campo de control 110268
003 - IDENTIFICADOR DE NÚMERO DE CONTROL
campo de control ES-MaACL
005 - FECHA Y HORA DE LA ÚLTIMA TRANSACCIÓN
campo de control 20250811072551.0
007 - CAMPO FIJO DE DESCRIPCIÓN FÍSICA--INFORMACIÓN GENERAL
campo de control de longitud fija t|
008 - DATOS DE LONGITUD FIJA--INFORMACIÓN GENERAL
campo de control de longitud fija 061121s1983 sp r ||||1| spa d
110 1# - ENTRADA PRINCIPAL--NOMBRE DE ENTIDAD CORPORATIVA
Nombre de entidad corporativa o nombre de jurisdicción como elemento de entrada España.
Unidad subordinada Ministerio de Trabajo
9 (RLIN) 3924
245 10 - MENCIÓN DEL TÍTULO
Título Ordenanza de trabajo para la industria siderometalúrgica /
Mención de responsabilidad, etc. [publicado por] Instituto de Estudios Laborales y de la Seguridad Social ; texto anotado y concordado con el Estatuto de los Trabajadores por Alejandro Mulas García.
250 ## - MENCION DE EDICION
Mención de edición 2ª ed.
260 ## - PUBLICACIÓN, DISTRIBUCIÓN, ETC.
Lugar de publicación, distribución, etc. Madrid :
Nombre del editor, distribuidor, etc. Ministerio de Trabajo y Seguridad Social,
Fecha de publicación, distribución, etc. 1983.
300 ## - DESCRIPCIÓN FÍSICA
Extensión 319 p. ;
Dimensiones 18 cm.
700 1# - ENTRADA AGREGADA--NOMBRE PERSONAL
Nombre de persona Mulas García, Alejandro.
9 (RLIN) 84096
710 2# - ENTRADA AGREGADA--NOMBRE DE ENTIDAD CORPORATIVA
Nombre de entidad corporativa o nombre de jurisdicción como elemento de entrada Instituto de Estudios Laborales y de la Seguridad Social.
9 (RLIN) 4915
852 ## - LOCALIZACIÓN
Ubicación ES-MaACL
Número de control de estantería L-7539
Sublocalización o colección R.107392
Holdings
Estatus retirado Estado de pérdida Estado de daño No para préstamo Biblioteca de origen Biblioteca actual Ubicación en estantería Fecha de adquisición Fuente de adquisición Total de préstamos Signatura topográfica completa Código de barras Visto por última vez Precio de reemplazo Tipo de ítem Koha
        Biblioteca del Ateneo de Madrid Biblioteca del Ateneo de Madrid Depósito 2 17/01/2008     L-7539 1115041 23/02/2023 23/02/2023 Libro impreso